000 00629nam a2200301Ia 4500
001 476
003 916
005 20241011062558.0
008 ||||||n9999 ||| || ||
041 _aspa
082 _219
_a149
100 _aThion, Serge
_91111
245 0 _aAproximacion al estructuralismo
250 _a3ed
260 _aBuenos Aires :
_bGalerna,
_c1967.
300 _a89p
490 _aSerie mayor
562 _e1
650 0 _aSociologĂ­a
_9884
942 _cBKM
942 _cBKM
999 _c476
_d476
526 _a4969
526 _a19790
526 _a104436
526 _a5144
526 _a51868
526 _a1697